header

Welcome to BioTech nation (Record no. 216642)

MARC details
000 -LEADER
fixed length control field 01725nam a2200337 a 4500
082 04 - DEWEY DECIMAL CLASSIFICATION NUMBER
Classification number 660.6
100 1# - MAIN ENTRY--AUTHOR NAME
Personal name Gunn, Moira Anne,
245 10 - TITLE STATEMENT
Title Welcome to BioTech nation
260 ## - PUBLICATION, DISTRIBUTION, ETC. (IMPRINT)
Place of publication New York :
Name of publisher AMACOM,
Year of publication c2007.
300 ## - PHYSICAL DESCRIPTION
Number of Pages 258 p.
500 ## - GENERAL NOTE
General note Includes index.
505 0# - FORMATTED CONTENTS NOTE
Formatted contents note Down the biotech rabbit hole -- Shy beyond words -- The genetically modified food fight -- On a roll -- And baby makes three--four--and then some-- -- Washington, D.C.! Here we come! -- The amazing Chakrabarty -- This is dedicated to the one I love -- More than one way to skin a cancer -- Dead ends--or new beginnings? -- The skinny on genes -- A sheep in sheep's clothing -- Presidential by any other name -- Destined for diabetes? -- Monkey business -- Another world -- Lessons learned.
650 #0 - SUBJECT ADDED ENTRY--TOPICAL TERM
Topical Term Biotechnology
856 40 - ELECTRONIC LOCATION AND ACCESS
Uniform Resource Identifier http://site.ebrary.com/lib/rucke/Doc?id=10196191

No items available.

© 2026 Rongo University
Contact us: librarian | system librarian | Rongo university